000
00344nam a2200157Ia 4500
008
210210b1952 xxu||||| |||| 00| 0 eng d
041
_a
eng
082
_a
822/155
100
_a
BOWER (U G)
245
_a
Naga path
260
_a
London
_b
John Murray
_c
1952
650
_a
path
650
_a
Naga
690
_a
English Prose
906
_a
012342
999
_c
131137
_d
131137